| 000 | 01166nam0a22002411i 4500 | ||
|---|---|---|---|
| 001 | rc\1003673 | ||
| 005 | 20240726103430.0 | ||
| 035 | _a(NLR Aleph) 006169703 | ||
| 090 |
_a5951283 _c5951283 |
||
| 100 | _a20041129d1981 u |0rusy50 ca | ||
| 101 | 0 | _arus | |
| 102 | _aRU | ||
| 105 | _ay ||||||||| | ||
| 200 | 1 |
_aКартирование зоны активного водообмена с целью прогноза изменения региональных гидрогеологических условий под техногенным воздействием _e(На прим. сев.-вост. части Прикасп. артезиан. бассейна) _eАвтореф. дис. на соиск. учен. степ. канд. геол.-минерал. наук _e(04.00.06) |
|
| 210 |
_aМ. _d1981 |
||
| 215 | _a20 с. | ||
| 300 | _aВ надзаг.: ВНИИ гидрогеологии и инж. геологии | ||
| 320 | _aБиблиогр.: с. 19-20 (9 назв.) | ||
| 700 | 1 |
_aШахнова _bР.К. _gРаиса Константиновна |
|
| 801 | 0 |
_aRU _bNLR _gpsbo |
|
| 801 | 1 |
_aRU _bELAR _2rusmarc |
|
| 852 |
_aNLR _j82-4/26053 |
||
| 942 | _cBOOK | ||